000
00311nam a2200109Ia 4500
008
171211s9999 xx 000 0 und d
245
_a
Combat Kick Boxing: Realistic Self Defence
245
_c
Pat O'Keeffe
260
_c
2002
650
_x
Martial Arts
856
_u
http://down.ebook777.com/053/9781840241952.pdf
999
_c
348265
_d
348265